Advertising and society : (Record no. 1285)
[ view plain ]
| 000 -LEADER | |
|---|---|
| fixed length control field | 01154cam a22002774a 4500 |
| 003 - CONTROL NUMBER IDENTIFIER | |
| control field | OSt |
| 005 - DATE AND TIME OF LATEST TRANSACTION | |
| control field | 20210625065739.0 |
| 008 - FIXED-LENGTH DATA ELEMENTS--GENERAL INFORMATION | |
| fixed length control field | 210625b ||||| |||| 00| 0 eng d |
| 020 ## - INTERNATIONAL STANDARD BOOK NUMBER | |
| International Standard Book Number | 9781405144094 |
| 020 ## - INTERNATIONAL STANDARD BOOK NUMBER | |
| International Standard Book Number | 1405144092 |
| 020 ## - INTERNATIONAL STANDARD BOOK NUMBER | |
| International Standard Book Number | 9781405144100 |
| 020 ## - INTERNATIONAL STANDARD BOOK NUMBER | |
| International Standard Book Number | 1405144106 |
| 040 ## - CATALOGING SOURCE | |
| Transcribing agency | ALUPE UNIVERSITY |
| 050 00 - LIBRARY OF CONGRESS CALL NUMBER | |
| Classification number | HF5813.U6 |
| -- | A6196 2009 |
| 082 00 - DEWEY DECIMAL CLASSIFICATION NUMBER | |
| -- | 659.1/0420973 |
| 245 00 - TITLE STATEMENT | |
| Title | Advertising and society : |
| Remainder of title | controversies and consequences / |
| Statement of responsibility, etc. | edited by Carol J. Pardun. |
| 260 ## - PUBLICATION, DISTRIBUTION, ETC. | |
| Place of publication, distribution, etc. | Chichester, U.K. ; |
| -- | Malden, MA : |
| Name of publisher, distributor, etc. | Wiley-Blackwell, |
| Date of publication, distribution, etc. | 2009. |
| 300 ## - PHYSICAL DESCRIPTION | |
| Extent | xii, 209 p. : |
| Other physical details | ill. ; |
| Dimensions | 24 cm. |
| 504 ## - BIBLIOGRAPHY, ETC. NOTE | |
| Bibliography, etc. note | Includes bibliographical references and index. |
| 650 #0 - SUBJECT ADDED ENTRY--TOPICAL TERM | |
| Topical term or geographic name entry element | Advertising |
| General subdivision | Social aspects |
| Authority record control number or standard number | http://id.loc.gov/authorities/subjects/sh85001172 |
| Geographic subdivision | United States. |
| Authority record control number or standard number | http://id.loc.gov/authorities/names/n78095330 |
| 650 #0 - SUBJECT ADDED ENTRY--TOPICAL TERM | |
| Topical term or geographic name entry element | Advertising, Political |
| Geographic subdivision | United States. |
| Authority record control number or standard number | http://id.loc.gov/authorities/subjects/sh2007100692 |
| 650 #0 - SUBJECT ADDED ENTRY--TOPICAL TERM | |
| Topical term or geographic name entry element | Advertising |
| Geographic subdivision | United States. |
| Authority record control number or standard number | http://id.loc.gov/authorities/subjects/sh2007100691 |
| 700 1# - ADDED ENTRY--PERSONAL NAME | |
| Personal name | Pardun, Carol J. |
| Authority record control number or standard number | http://id.loc.gov/authorities/names/n2008062765 |
| 942 ## - ADDED ENTRY ELEMENTS (KOHA) | |
| Source of classification or shelving scheme | |
| Koha item type | Book |
| Suppress in OPAC | MM |
| Withdrawn status | Lost status | Source of classification or shelving scheme | Damaged status | Not for loan | Permanent Location | Current Location | Shelving location | Date acquired | Total Checkouts | Full call number | Barcode | Date last seen | Price effective from | Koha item type | Public note |
|---|---|---|---|---|---|---|---|---|---|---|---|---|---|---|---|
| AU LIBRARY | AU LIBRARY | Open Shelf | 25.06.2021 | HF5813 .U6 A6196 2009 | 28002455 | 25.06.2021 | 25.06.2021 | Book | MM |